|
|
|
|
| LEADER |
01075nam a2200253 a 4500 |
| 001 |
GR-MES15193 |
| 008 |
061218s2005 gr 000 0 gre d |
| 020 |
|
|
|a 9600218927
|
| 040 |
|
|
|a GrPaTEI
|b gre
|c GR-PaULI
|
| 040 |
|
|
|a GrPaTEI
|b gre
|c GR-PaULI
|
| 044 |
|
|
|b gr
|
| 082 |
|
0 |
|a 338.9
|2 22
|
| 100 |
1 |
|
|a Βαβούρας, Ιωάννης Σ.,
|d 1950-
|
| 245 |
1 |
0 |
|a Οικονομική πολιτική /
|c Ιωάννης Σ. Βαβούρας.
|
| 250 |
|
|
|a 2η συμπ. εκδ.
|
| 260 |
|
|
|a Αθήνα :
|b Παπαζήσης,
|c 2005
|
| 300 |
|
|
|a 573 σ. :
|b εικ. ;
|c 24 εκ.
|
| 504 |
|
|
|a Περιλαμβάνει βιβλιογραφία.
|
| 650 |
|
7 |
|a Οικονομική πολιτική
|
| 651 |
|
4 |
|a Ελλάδα
|x Οικονομική πολιτική
|y 1974-
|
| 942 |
|
|
|2 ddc
|
| 952 |
|
|
|0 0
|1 0
|2 ddc
|4 0
|6 338_900000000000000_ΒΑΒ
|7 0
|9 273014
|a MSLG
|b MSLG
|c BSC
|d 2021-01-17
|e 24
|f 0
|g 0.00
|l 0
|o 338.9 ΒΑΒ
|p 2420000023746
|r 2021-01-17 00:00:00
|t 1
|w 2021-01-17
|y BK15
|x 20090513 0 ΤΣΑΝΤΑΡΛΙΩΤΗ 1
|x GrPaTEI
|
| 971 |
|
|
|a .b25812427
|b 08-10-20
|c 13-09-16
|
| 999 |
|
|
|c 158027
|d 158027
|